| 000 | 006470000a22002290004500 | ||
|---|---|---|---|
| 003 | LK-CoMWRAF | ||
| 005 | 20240106105559.0 | ||
| 008 | 230817t2003 ||||| |||| 00| 0 eng d | ||
| 020 | _a8176484784 | ||
| 040 |
_aLK-CoMWRAF _dLK-CoMWRAF _eLK-CoMWRAF |
||
| 041 | _aeng | ||
| 082 |
_a956.7 _bCHA |
||
| 100 | _aChauhan, Sharad S. | ||
| 245 | _aWar on Iraq | ||
| 260 |
_aNew Delhi: _bA.P.H. Publishing Corporation, _c2003 |
||
| 300 |
_aviii, 425 p. : ill. ; 23 cm. _bIndex included |
||
| 650 | _aIRAQ WAR | ||
| 650 | _aWeapons of mass destruction | ||
| 650 | _aWar on terrorism | ||
| 650 | _aIraq-Military relations-United States | ||
| 942 | _cBK | ||
| 999 |
_c2217 _d2217 |
||